ბათუმის შოთა რუსთაველის სახელმწიფო უნივერსიტეტის ბიბლიოთეკა

Физическая и коллоидная химия : (ბიბ.ჩანაწერი № 41255)

000 -LEADER
fixed length control field 00967nam a2200253Ia 4500
001 - CONTROL NUMBER
control field 7908
003 - CONTROL NUMBER IDENTIFIER
control field GE_BSU
005 - DATE AND TIME OF LATEST TRANSACTION
control field 20220930114939.0
008 - FIXED-LENGTH DATA ELEMENTS--GENERAL INFORMATION
fixed length control field 181216sru 2010xx |||||||||||||| ||rus||
020 ## - INTERNATIONAL STANDARD BOOK NUMBER
International Standard Book Number 9785970414415
040 ## - CATALOGING SOURCE
Transcribing agency GE_BSU
041 ## - LANGUAGE CODE
Language code of text/sound track or separate title rus
080 ## - UNIVERSAL DECIMAL CLASSIFICATION NUMBER
Universal Decimal Classification number 577(075.8)+544 Ф-50
245 ## - TITLE STATEMENT
Title Физическая и коллоидная химия :
Remainder of title учебник /
Statement of responsibility, etc. А.П. Беляев, В.И. Кучук и др. Под ред: А.П. Беляева,
264 ## - PRODUCTION, PUBLICATION, DISTRIBUTION, MANUFACTURE, AND COPYRIGHT NOTICE
Place of production, publication, distribution, manufacture Москва :
Name of producer, publisher, distributor, manufacturer Изд.группа Геотар-медиа,
Date of production, publication, distribution, manufacture, or copyright notice 2010.
300 ## - PHYSICAL DESCRIPTION
Extent 704 стр.:
Dimensions 21 см.
653 ## - INDEX TERM--UNCONTROLLED
keyword Физическая и коллоидная химия
653 ## - INDEX TERM--UNCONTROLLED
keyword ფიზიკური და კოლოიდური ქიმია
653 ## - INDEX TERM--UNCONTROLLED
keyword ქიმია
700 ## - ADDED ENTRY--PERSONAL NAME
Personal name Беляев,А.П.
9 (RLIN) 14912
700 ## - ADDED ENTRY--PERSONAL NAME
Personal name Кучук В.И.
9 (RLIN) 14913
700 ## - ADDED ENTRY--PERSONAL NAME
Personal name Беляева, А.П.
Relator term რედაქტორი
9 (RLIN) 14914
942 ## - ADDED ENTRY ELEMENTS (KOHA)
Koha item type წიგნი
Source of classification or shelving scheme
ეგზემპლარები
Withdrawn status Lost status Source of classification or shelving scheme Damaged status Not for loan Permanent Location Current Location Shelving location Date acquired Cost, normal purchase price Full call number Barcode Date last seen Copy number Price effective from Koha item type Public note
          ბათუმის შოთა რუსთაველის სახელმწიფო უნივერსიტეტის მთავარი ბიბლიოთეკა ბათუმის შოთა რუსთაველის სახელმწიფო უნივერსიტეტის მთავარი ბიბლიოთეკა წიგნსაცავი 2018-12-17 118.00 577(075.8)+544 Ф-50 24372 2018-12-17 24372 2018-12-17 წიგნი 118 gel.
          ბათუმის შოთა რუსთაველის სახელმწიფო უნივერსიტეტის მთავარი ბიბლიოთეკა ბათუმის შოთა რუსთაველის სახელმწიფო უნივერსიტეტის მთავარი ბიბლიოთეკა წიგნსაცავი 2018-12-17 118.00 577(075.8)+544 Ф-50 24373 2018-12-17 24373 2018-12-17 წიგნი 118 gel.